Zrušenie obchodnej spoločnosti s likvidáciou z účtovného pohľadu diplomová práca

Salvato in:
Dettagli Bibliografici
Autore principale: Štofík, Daniel
Ente Autore: Fakulta hospodárskej informatiky EU. Katedra účtovníctva a audítorstva
Altri autori: Máziková, Katarína
Natura: Libro
Lingua:slovacco
Pubblicazione: Bratislava 2012
Tags: Aggiungi Tag
Nessun Tag, puoi essere il primo ad aggiungerne!!

MARC

LEADER 00000nbm a2200000 4500
001 0154765
005 20161109102143.0
041 0 |a slo 
044 |a SK 
245 1 0 |a Zrušenie obchodnej spoločnosti s likvidáciou z účtovného pohľadu  |b diplomová práca  |c Daniel Štofík ; školiteľ: Katarína Máziková 
264 1 |a Bratislava  |c 2012 
300 |a 88 s. 
100 1 |a Štofík, Daniel 
700 1 |a Máziková, Katarína 
710 2 |a Fakulta hospodárskej informatiky EU. Katedra účtovníctva a audítorstva